Costa Rica monumentos históricos y arqueológicos

Na minha lista:
Detalhes bibliográficos
Principais autores: Molina Coto de Lines, María, Lines, Jorge A.
Formato: Desconhecido
Publicado em: San José, Costa Rica Instituto Panamericano de Geografía e Historia 1974
coleção:Serie Comisión de Historia 91
Assuntos:
Tags: Adicionar Tag
Sem tags, seja o primeiro a adicionar uma tag!

MARC

LEADER 000000000a22000000004500
001 001991
041 0 |a español 
092 0 |a 972.86 L735c 
100 1 |a Molina Coto de Lines, María 
100 1 |a Lines, Jorge A. 
245 1 0 |a Costa Rica   |b monumentos históricos y arqueológicos 
260 |a San José, Costa Rica   |b Instituto Panamericano de Geografía e Historia   |c 1974 
300 |a 221 páginas, [35] páginas de láminas   |b 1 mapa plegable 
440 0 |a Serie Comisión de Historia   |v 91 
500 |a La biblioteca contiene otro ejemplar con número de inscripción 14144 y 01248 -- Publicación 229 
650 4 |a ARQUEOLOGIA COSTARRICENSE 
650 4 |a MONUMENTOS REPUBLICANOS 
650 4 |a ARTE INDIGENA 
650 4 |a MONUMENTOS HISTORICOS 
650 4 |a COSTA RICA 
999 |c 2874  |d 2874